000 00317nam a22001337a 4500
008 171027b xxu||||| |||| 00| 0 eng d
020 _a9780324259681
041 _aeng
080 _a336
100 _a55
101 _aMNG
245 _aADVANCED AND MULTIVARIATE STATISTICAL METHODS
_cMERTLER, C.A
942 _2udc
_cBK
999 _c35986
_d35986